000 00803cam a2200193 i 4500
005 20251120114808.0
008 250721s2006 jo gr 000 0 ara d
082 1 4 _a211
_bس ي و
100 1 _aالسيوري، رأفت كامل عيد
_eمؤلف.
245 1 2 _aاليسر في القرآن الكريم :
_bدراسة موضوعية /
_cتأليف رأفت كامل عيد السيوري ؛ تقديم د. صلاح عبدالفتاح الخالدي،طارق محمد سويدان.
250 _aالطبعة الاولى.
264 3 1 _aعمان :
_bدار النفائس للنشر والتوزيع،
_c2006.
300 _a158صفحة.
650 1 7 _aالقرآن الكريم.
650 1 7 _aعلوم القرآن.
650 1 7 _aالفقه.
942 _2ddc
_cBK
999 _c100262
_d100262